000 00521nmm a2200169Ia 4500
008 251105s9999||||xx |||||||||||||||||und||
020 _a9788498797503
041 _aspa
100 _aTeilhard De Chardin, Pierre
245 0 _aLa gran mónada. Escritos del tiempo de la guerra (1918-1919)
264 _a[Madrid, España] :
_bTrotta Editorial,
_c2018
300 _a222 páginas
490 _aTiempo Recobrado
650 _aPhilosophy, Ethics
856 _uhttps://public.digitaliapublishing.com/a/67388
942 _cCF
999 _c92029
_d92029